000 00651nam a2200229 a 4500
999 _c1464
_d1464
001 1464
003 BD-JhCC
005 20171019171414.0
008 171019s2001 bg |||| ||a| 000 0 ben d
020 _a98481602593
035 _a(BD-JhCC)1464
040 _aBD-JhCC
_dBD-JhCC
041 _aben
082 _a891.443
_bHOS 2001
100 _aহোসেন, সেলিনা
245 _aরচনাসমগ্র /
_cসেলিনা হোসেন
260 _aঢাকা :
_bঅন্যপ্রকাশনী,
_c২০০১.
300 _a384 p. :
_c23 cm.
650 _aCollection Of Novel
942 _2ddc
_cBK